000 01249nam a2200301 a 4500
001 000023954
005 20250611121345.0
008 110117s1981 sp 000 0 spa d
020 _a8433905015
040 _aDO-SdBNP
_bspa
_cBNPHU
041 1 7 _aspa
_heng
_2Código de idiomas MARC
082 _a572.7
_bR831t
100 1 _aRossi, Ino.
_949274
240 1 0 _aTheories of culture and anthropological methods, in people in culture. A survey of cultural anthropology.
_lEspañol
245 1 0 _aTeorías de la cultura y métodos antropológicos /
_cIno Rossi y Edward O´Higgins ; traducción Alberto Cardín.
260 _aBarcelona :
_bAnagrama,
_c1981.
300 _a204 p. ;
_c19 cm.
490 1 _aBiblioteca de Antropología
_v1
534 _aTítulo de la edición original :
_tTheories of culture and anthropological methods, in people in culture. A survey of cultural anthropology
500 _a"Panorama de la antropología cultural contemporanea".
650 0 _aAntropología
_985431
650 0 _aPsicología social
_91574
650 4 _aMetodología en antropología
_949275
700 1 _aO´Higgins, Edward.
_949276
700 1 _aCardín, Alberto,
_etr.
_932357
830 0 _aBiblioteca de Antropología
_v1
_949277
049 _aBNGR
999 _c23450
_d23450